000 00255nam a22001217a 4500
082 _a425
_bUNI/R
245 _aREFLECTIONS
250 _a1994
260 _aKERALA
_bBHASKARAN NAIR, P.V
300 _a79
650 _aANTHOLOGY OF PROSE
_zKERALA
942 _cBK
999 _c3929
_d3929